Excellent shop designs : (Record no. 5685)
[ view plain ]
| 000 -LEADER | |
|---|---|
| fixed length control field | 02057nam a22003497a 4500 |
| 003 - CONTROL NUMBER IDENTIFIER | |
| control field | OSt |
| 005 - DATE AND TIME OF LATEST TRANSACTION | |
| control field | 20260317114439.0 |
| 007 - PHYSICAL DESCRIPTION FIXED FIELD--GENERAL INFORMATION | |
| fixed length control field | a |
| 008 - FIXED-LENGTH DATA ELEMENTS--GENERAL INFORMATION | |
| fixed length control field | 260317b |||||||| |||| 00| 0 eng d |
| 020 ## - INTERNATIONAL STANDARD BOOK NUMBER | |
| International Standard Book Number | 478580002XC2052 |
| 040 ## - CATALOGING SOURCE | |
| Original cataloging agency | Foundation University |
| Language of cataloging | eng |
| Transcribing agency | Foundation University |
| Modifying agency | FULib |
| Description conventions | rda |
| 050 ## - LIBRARY OF CONGRESS CALL NUMBER | |
| Classification number | NA 2460.J37 |
| Item number | .S56 |
| 245 00 - TITLE STATEMENT | |
| Title | Excellent shop designs : |
| Remainder of title | Japanese restaurants amd taverns 2. |
| 260 ## - PUBLICATION, DISTRIBUTION, ETC. | |
| Place of publication, distribution, etc. | Japan : |
| Name of publisher, distributor, etc. | Shotenkenchiku-sha Co., Ltd., |
| Date of publication, distribution, etc. | [date of publication not identified] |
| 264 ## - PRODUCTION, PUBLICATION, DISTRIBUTION, MANUFACTURE, AND COPYRIGHT NOTICE | |
| Copyright Date | [date of publication not identified] |
| 300 ## - PHYSICAL DESCRIPTION | |
| Materials specified | resource |
| Extent | 240 pages : |
| Other physical details | color illustrations ; |
| Dimensions | 30 cm. |
| Type of unit | volume |
| 336 ## - CONTENT TYPE | |
| Source | rdacontent |
| Content type term | text |
| Content type code | txt |
| 337 ## - MEDIA TYPE | |
| Source | rdamedia |
| Media type term | unmediated |
| Media type code | n |
| 338 ## - CARRIER TYPE | |
| Source | rdacarrier |
| Materials specified | resource |
| Carrier type term | volume |
| Carrier type code | nc |
| 490 ## - SERIES STATEMENT | |
| Series statement | Shotenkenchiku extra number |
| Volume/sequential designation | 41 |
| 505 ## - FORMATTED CONTENTS NOTE | |
| Formatted contents note | Part 1: Restaurants mainly with tables & counters (10 shops). |
| 505 ## - FORMATTED CONTENTS NOTE | |
| Formatted contents note | Part 2 : Restaurants mainly with Japanese style rooms (10 shops). |
| 505 ## - FORMATTED CONTENTS NOTE | |
| Formatted contents note | Part 3 : Free-standing restaurants (8 shops). |
| 505 ## - FORMATTED CONTENTS NOTE | |
| Formatted contents note | Part 4 : Specialty restaurants (21 shops). |
| 505 ## - FORMATTED CONTENTS NOTE | |
| Formatted contents note | Part 5 : Pub restaurants . taverns (21 shops). |
| 520 ## - ABSTRACT, SUMMARY, ETC. | |
| Abstract, Summary, etc. | This book is a collection by type of Japanese food restaurants, Japanese style restaurants, restaurants, and taverns opened between 1986 and 1987. From those in the traditional rustic style to those of post-modern structure, a total of 70 restaurants and taverns are introduced with photos, plans and descriptions.<br/>It is recommended to use this book as a design style book for planning and design of Japanese food restaurants, Japanese style restaurants, restaurants, and taverns, or it can be also utilized as a design style reference for Japanese style shop making and interior room planning. |
| 650 ## - SUBJECT ADDED ENTRY--TOPICAL TERM | |
| Source of heading or term | LC |
| Topical term or geographic name entry element | Restaurants |
| Geographic subdivision | Japan. |
| 9 (RLIN) | 15338 |
| 650 ## - SUBJECT ADDED ENTRY--TOPICAL TERM | |
| Source of heading or term | LC |
| Topical term or geographic name entry element | Bars (Drinking establishments) |
| 9 (RLIN) | 15339 |
| 658 ## - INDEX TERM--CURRICULUM OBJECTIVE | |
| Main curriculum objective | Architecture, Bachelor of Science in : |
| Subordinate curriculum objective | Architectural Design ; |
| Curriculum code | ARC122. |
| 710 ## - ADDED ENTRY--CORPORATE NAME | |
| Corporate name or jurisdiction name as entry element | Shotenkenchiku-sha Co. |
| 9 (RLIN) | 15340 |
| 942 ## - ADDED ENTRY ELEMENTS (KOHA) | |
| Source of classification or shelving scheme | Library of Congress Classification |
| Koha item type | Books |
| Classification part | NA 2460.J37 |
| Item part | .S56 |
| Call number prefix | (DAFA-Archi.) |
| Suppress in OPAC | No |
| Withdrawn status | Lost status | Source of classification or shelving scheme | Damaged status | Not for loan | Collection code | Home library | Current library | Shelving location | Date acquired | Source of acquisition | Total Checkouts | Full call number | Barcode | Date last seen | Price effective from | Koha item type | Accession Number |
|---|---|---|---|---|---|---|---|---|---|---|---|---|---|---|---|---|---|
| Library of Congress Classification | Non-fiction | Foundation University Library | Foundation University Library | DoArchitecture & Fine Arts | 03/17/2026 | Donated by Bellas Artes Projects | (DAFA-Archi.) NA 2460.J37 .S56 | 0192026003249 | 03/17/2026 | 03/17/2026 | Books | DAFA-2026249 |
